Agroforestry and the achievement of the millennium development goals (Record no. 53984)

MARC details
000 -LEADER
fixed length control field 00520nam a2200193Ia 4500
100 ## - MAIN ENTRY--AUTHOR NAME
Personal name Garrity D P
245 #0 - TITLE STATEMENT
Title Agroforestry and the achievement of the millennium development goals
260 ## - PUBLICATION, DISTRIBUTION, ETC. (IMPRINT)
Name of publisher Agroforestry Systems
Year of publication 2004
300 ## - PHYSICAL DESCRIPTION
Number of Pages 17-May
650 ## - SUBJECT ADDED ENTRY--TOPICAL TERM
Topical Term Commercialization
650 ## - SUBJECT ADDED ENTRY--TOPICAL TERM
Topical Term Development goals
650 ## - SUBJECT ADDED ENTRY--TOPICAL TERM
Topical Term Domestication
650 ## - SUBJECT ADDED ENTRY--TOPICAL TERM
Topical Term Markets
650 ## - SUBJECT ADDED ENTRY--TOPICAL TERM
Topical Term Nutrient replenishment
650 ## - SUBJECT ADDED ENTRY--TOPICAL TERM
Topical Term Policy
650 ## - SUBJECT ADDED ENTRY--TOPICAL TERM
Topical Term Tree products
942 ## - ADDED ENTRY ELEMENTS (KOHA)
Koha item type Journals
Holdings
Withdrawn status Lost status Damaged status Not for loan Home library Current library Shelving location Date acquired Serial Enumeration / chronology Koha item type
      Journals RRII Library RRII Library Agronomy 17/12/2021 Volume 61&62, Issue Journals